| 000 | 01315nam a2200229 a 4500 | ||
|---|---|---|---|
| 008 | 120416s2005 ||||||||||||||||| || u | ||
| 020 | _a0716711702 | ||
| 050 | _aQD 75.2 Har | ||
| 100 | _aHarris, Daniel C | ||
| 245 | 1 | 0 | _aSolutions manual for exploring chemical analysis |
| 250 | _a3rd ed. | ||
| 260 |
_aNew York _bW.H. Freeman _c2005 |
||
| 300 | _a205p. : ill. | ||
| 350 | _a0.00 | ||
| 650 | 0 | _aCHEMISTRY--HANDBOOKS, MANUALS, ETC | |
| 650 | 0 | _aANALYTICAL CHEMISTRY | |
| 995 |
_aANNEX COLLECTION (Main Library) _D0.00 _e736963 _FCBU-MAIN LIBRARY (Kitwe) _H4 _I15.00 _jQD 75.2 Har _M4 _UAVAILABLE _y40624 _ZAnnex Low-Usage Collection |
||
| 995 |
_aANNEX COLLECTION (Main Library) _D0.00 _e736964 _FCBU-MAIN LIBRARY (Kitwe) _H1 _I15.00 _jQD 75.2 Har _M1 _UAVAILABLE _WAug 14, 2006 _y40620 _ZAnnex Low-Usage Collection |
||
| 995 |
_aANNEX COLLECTION (Main Library) _D0.00 _e736962 _FCBU-MAIN LIBRARY (Kitwe) _H2 _I15.00 _jQD 75.2 Har _M2 _UAVAILABLE _WAug 14, 2006 _y40621 _ZAnnex Low-Usage Collection |
||
| 995 |
_aANNEX COLLECTION (Main Library) _D0.00 _e736960 _FCBU-MAIN LIBRARY (Kitwe) _H3 _I15.00 _jQD 75.2 Har _M3 _UAVAILABLE _WApr 19, 2007 _y40619 _ZAnnex Low-Usage Collection |
||
| 995 |
_aANNEX COLLECTION (Main Library) _D0.00 _e736961 _FCBU-MAIN LIBRARY (Kitwe) _H5 _I15.00 _jQD 75.2 Har _M5 _UAVAILABLE _y40622 _ZAnnex Low-Usage Collection |
||
| 999 |
_c76651 _d76651 |
||